LEADER 01238nam2 2200289 i 450 001 SUN0004009 005 20120220110335.470 010 $a88-7916-059-1 020 $aIT$b95 6790 100 $a20020717d1995 |0itac50 ba 101 $aita 102 $aIT 105 $a|||| ||||| 200 1 $aˆ1: Il ‰processo di produzione, valore, distribuzione e occupazione$fa cura di Massimo Pivetti 210 $aMilano$cLED$d[1995] 215 $a358 p.$d21 cm. 410 1$1001SUN0036976$12001 $aEsedra$ecollana di letture$v17$1210 $aMilano$cLed. 461 1$1001SUN0004008$12001 $aLetture di economia politica$fa cura di Massimo Pivetti$v1$1210 $aMilano$cLED$1215 $av.$d21 cm. 620 $dMilano$3SUNL000284 702 1$aPivetti$b, Massimo$3SUNV003755 712 $aLED$3SUNV000057$4650 801 $aIT$bSOL$c20181109$gRICA 912 $aSUN0004009 950 $aUFFICIO DI BIBLIOTECA DEL DIPARTIMENTO DI GIURISPRUDENZA$d00 CONS XX.Ga.6(1) $e00 15680 995 $aUFFICIO DI BIBLIOTECA DEL DIPARTIMENTO DI GIURISPRUDENZA$h15680$kCONS XX.Ga.6(1)$op$qa 996 $aProcesso di produzione, valore, distribuzione e occupazione$91401749 997 $aUNICAMPANIA